000 00276nam a22001217a 4500
082 _a823
_bJOY/S
100 _aJOYNE, ANTHONY
245 _aTHE STORIES OF SHAKESPEARE'S PLAYS
260 _aCALCUTTA
_bOXFORD
_c1969
300 _a62
650 _aENGLISH STORY
_zINDIA
942 _cBK
999 _c7370
_d7370